=LDR 00000nam 2200000 4500 =001 INLIS000000000009151 =005 20130612100954 =008 ***********************************Ind** =035 ##$$0010-061300000009151 =041 ##$$a Ind =082 ##$$a 615.5 =090 ##$$a 615.5, Mor-m =100 ##$$a Morgan, Lyle w =245 ##$$a Mengobati cedera olahraga secara alamiah, pengobatan dengan metode homeopatik, Lyle w. Morgan =260 ##$$a 2001 $b Jakarta =300 ##$$a xiii, 122 hlm, 21 cm =650 ##$$a Homeopatik =700 ##$$a Ali, Wendra =850 ##$$a NBPNMAT